Ideas para lograr mayor éxito en el estudio (Registro nro. 7311)

Detalles MARC
000 -Cabecera
Campo de control de longitud fija 00606nam a22002417a 4500
005 - Fecha y hora de la última transacción
Campo de control 20260428165200.0
008 - Elementos de longitud fija--Información general
Campo de control de longitud fija 160112b2003 xxu||||| |||| 00| 0 spa d
020 ## - International Standard Book Number
Número Internacional Estándar del Libro (ISBN) 9977651507
041 ## - Idioma
Código de idioma Español
082 ## - Clasificación Decimal Dewey
Número de clasificación 371.302.81 P116i
100 ## - Entrada principal--Autor personal
Nombre personal Pacheco Gamboa, Ana Teresa
245 ## - Título propiamente dicho
Título Ideas para lograr mayor éxito en el estudio
260 ## - Pie de imprenta
Lugar de publicación, distribución, etc. Costa Rica
260 ## - Pie de imprenta
Nombre del editor, distribuidor, etc. EUNA
260 ## - Pie de imprenta
Fecha de publicación, distribución, etc. 2003
300 ## - Descripción física
Extensión 78 páginas
650 ## - Materia general
Temática (materia general) TÉCNICAS DE ESTUDIO
650 ## - Materia general
Temática (materia general) MÉTODOS DE ESTUDIO
650 ## - Materia general
Temática (materia general) TÉCNICAS DE APRENDIZAJE
650 ## - Materia general
Temática (materia general) EXÁMENES
650 ## - Materia general
Temática (materia general) ESQUEMAS
942 ## - Punto de acceso adicional KOHA
Tipo de ítem KOHA Libro
Fuente del sistema de clasificación o colocación Dewey Decimal Classification
Existencias
Signatura completa Código de barras Programa Académico Tipo de ítem
371.302.81 P116i 19978 Temática General Libro